000 00507nam a22001697a 4500
999 _c41069
_d41069
003 OSt
005 20210304132711.0
008 210304b ||||| |||| 00| 0 eng d
020 _a9789351381396
040 _coclc
082 _a425
_bKRI/M
100 _98511
_aKrishnaswamy, N
245 _aModern English :
_bA Book Of Grammar Usage And Composition /
_cN Krishnaswamy
260 _aNew Delhi:
_bTrinity Press,
_c2016.
300 _a497p
942 _2ddc
_cBK
_h425
_iKRI/M
_k425
_mKRI/M